000 00243nam a2200097Ia 4500
001 719089
005 20250826163036.0
008 250824s9999 xx 000 0 und d
245 0 _aİKİ DÜNYA ARASINDA
_cCORCI ZEYDAN
260 _bPANAMA YAYINLARI
999 _c719089
_d719089